| 000 | 00710nam a2200217Ii 4500 | ||
|---|---|---|---|
| 003 | JO-AjNU | ||
| 008 | 230605s9999||||xx |||||||||||||| ||und|| | ||
| 017 | _a87/9073 | ||
| 020 | _a977-154-028-9 | ||
| 040 |
_aJO-AjNU _bara _erda _cJO-AjNU |
||
| 041 | _aara | ||
| 050 | 1 | 4 | _aBP166.2.J37.B3622 1988 |
| 100 | 3 |
_aالبقري، أحمد ماهر , _eauthor _940473 |
|
| 245 | 0 | 0 | _aأحمد الجارم ورسالته في التوحيد (1264-1346هـ) |
| 264 | 3 | 1 | _aالاسكندرية: المكتب الجامعي، 1988 |
| 300 | _a94ص | ||
| 336 |
_atext _btxt _2rdacontent |
||
| 337 |
_aunmediated _bn _2rdamedia |
||
| 338 |
_avolume _bnc _2rdacarrier |
||
| 650 | 4 |
_aالجارم- التوحيد _940474 |
|
| 999 |
_aA17179 _c20747 _d20747 |
||